Digital power electronics and applications (Record no. 7996)
[ view plain ]
| 000 -LEADER | |
|---|---|
| fixed length control field | 00694 a2200205 4500 |
| 020 ## - INTERNATIONAL STANDARD BOOK NUMBER | |
| International Standard Book Number | 0120887576 |
| 040 ## - CATALOGING SOURCE | |
| Original cataloging agency | DLC |
| Language of cataloging | DLC |
| 082 04 - DEWEY DECIMAL CLASSIFICATION NUMBER | |
| Classification number | 621.381 |
| 100 1# - MAIN ENTRY--PERSONAL NAME | |
| Personal name | Luo, Fang Lin. |
| 245 10 - TITLE STATEMENT | |
| Title | Digital power electronics and applications |
| Statement of responsibility, etc. | Fang Lin Luo, Hong Ye, Muhammad Rashid. |
| 260 ## - PUBLICATION, DISTRIBUTION, ETC. | |
| Place of publication, distribution, etc. | London : |
| -- | Boston : |
| Name of publisher, distributor, etc. | Elsevier Academic, |
| Date of publication, distribution, etc. | c2005. |
| 300 ## - PHYSICAL DESCRIPTION | |
| Extent | xii, 408 p. : |
| Other physical details | ill., ports. ; 24 cm. |
| 650 #0 - SUBJECT ADDED ENTRY--TOPICAL TERM | |
| Topical term or geographic name entry element | Power electronics. |
| 650 #0 - SUBJECT ADDED ENTRY--TOPICAL TERM | |
| Topical term or geographic name entry element | Digital electronics. |
| 650 #0 - SUBJECT ADDED ENTRY--TOPICAL TERM | |
| Topical term or geographic name entry element | Digital control systems. |
| 700 1# - ADDED ENTRY--PERSONAL NAME | |
| Personal name | Ye, Hong, |
| Dates associated with a name | 1973- |
| 700 1# - ADDED ENTRY--PERSONAL NAME | |
| Personal name | Rashid, M. H. |
| 856 42 - ELECTRONIC LOCATION AND ACCESS | |
| Materials specified | Publisher description |
| Uniform Resource Identifier | <a href="http://www.loc.gov/catdir/enhancements/fy0665/2005929576-d.html">http://www.loc.gov/catdir/enhancements/fy0665/2005929576-d.html</a> |
| 942 ## - ADDED ENTRY ELEMENTS (KOHA) | |
| Koha item type | Book |
| Call number prefix | 621.381 LUO |
| Source of classification or shelving scheme | |
| Withdrawn status | Lost status | Damaged status | Not for loan | Collection code | Permanent Location | Current Location | Shelving location | Date acquired | Source of acquisition | Cost, normal purchase price | Total Checkouts | Full call number | Barcode | Date last seen | Price effective from | Koha item type |
|---|---|---|---|---|---|---|---|---|---|---|---|---|---|---|---|---|
| Central Library (CL) | Central Library (CL) | General Stacks | 11/18/2005 | A & J Def Tek Concultants | 5767.23 | 621.381 LUO | SEECS006706 | 03/20/2025 | 01/05/2017 | Book |
